000
00225nam a22000857a 4500
999
_c
11063
_d
11063
008
180813b ||||| |||| 00| 0 eng d
100
_a
Twain Mark
_9
6839
245
_a
The Prince and the Pauper
260
_a
New Delhi
_b
Campfire
_c
2016